000 00294nam a22001337a 4500
008 170608b xxu||||| |||| 00| 0 eng d
020 _a9780321209474
041 _aeng
080 _27TH
_a327
100 _a18
101 _aSHP
245 _aINTERNATIONAL POLITICS
_cART,R.J
942 _2udc
_cBK
999 _c16422
_d16422